00390nam a2200133 4500003000900000005001700009008002700026020001800053040002200071100002100093245008600114260003400200300002200234DO-SdBNP20180122143115.0180122b2007 xxu 0| 0 spa d a9781904991632 aBPMSUbspacBPMSU aPermutt, Philip  aThe crystal healer : bcrystal prescriptions that will change your life forever / aNew York :bCico Book, c2007 a144 p. ;c23 cm.